[Event "SVK-ch U10"]
[Site "Liptovsky Mikulas"]
[Date "2007.04.23"]
[Round "2"]
[White "Cizmar, David"]
[Black "Balogh, Peter1"]
[Result "0-1"]
[WhiteElo "1350"]
[BlackElo "1427"]
[PlyCount "72"]
[EventDate "2007.04.22"]
[EventType "swiss"]
[EventRounds "9"]
[EventCountry "SVK"]
[SourceTitle "EXT 2008"]
[Source "ChessBase"]
[SourceDate "2007.11.25"]
[SourceVersion "1"]
[SourceVersionDate "2007.11.25"]
[SourceQuality "1"]

1. e4 c5 2. Bb5 a6 3. Bc4 d6 4. Nc3 Nf6 5. Nf3 e6 6. d3 b5 7. Bb3 Nc6 8. Bg5 Be7 9. Bxf6 Bxf6 10. 0-0 0-0 11. Ne2 Bxb2 12. Rb1 Bf6 13. Nf4 e5 14. Bd5 Bd7 15. c4 exf4 16. cxb5 axb5 17. Re1 Rc8 18. Rxb5 Nb4 19. Rb7 Nxd5 20. exd5 Ra8 21. Re2 Qc8 22. Rb1 Re8 23. Rc2 Rb8 24. Rbc1 Ba4 25. d4 Bxc2 26. Rxc2 Qd7 27. dxc5 dxc5 28. Rxc5 Rbc8 29. Rxc8 Rxc8 30. h3 h6 31. a4 Ra8 32. Qd2 Rxa4 33. Qe2 Ra1+ 34. Kh2 Qxd5 35. g3 fxg3+ 36. fxg3 Ra2 0-1

[Event "SVK-ch U12"]
[Site "Liptovsky Mikulas"]
[Date "2005.04.13"]
[Round "5"]
[White "Hros, Roman"]
[Black "Cizmar, David"]
[Result "1-0"]
[WhiteElo "1350"]
[BlackElo "1367"]
[PlyCount "47"]
[EventDate "2005.04.11"]
[EventType "swiss"]
[EventRounds "9"]
[EventCountry "SVK"]
[SourceTitle "EXT 2008"]
[Source "ChessBase"]
[SourceDate "2007.11.25"]
[SourceVersion "1"]
[SourceVersionDate "2007.11.25"]
[SourceQuality "1"]

1. e4 e5 2. Nf3 Nc6 3. Nc3 Nf6 4. d4 exd4 5. Nxd4 Nxd4 6. Qxd4 Bc5 7. Qxc5 d6 8. Bb5+ c6 9. Bxc6+ bxc6 10. Qxc6+ Bd7 11. Qxd6 Rc8 12. 0-0 Rc6 13. Qg3 0-0 14. Bh6 Nh5 15. Qg5 Rxh6 16. Qc5 f5 17. exf5 Rxf5 18. Qxa7 Qe7 19. Rae1 Qf7 20. Qb8+ Qf8 21. Qc7 Qf7 22. Qd8+ Qf8 23. Qxd7 Rf3 24. Re8 1-0